| 000 | 00630nam a22002177a 4500 | ||
|---|---|---|---|
| 003 | OSt | ||
| 005 | 20240905110447.0 | ||
| 008 | 240905b |||||||| |||| 00| 0 eng d | ||
| 040 |
_aMMU _beng _cMMU _dMMU _eMMU |
||
| 100 |
_aDavid Bakibinga _91532 |
||
| 245 | _aInellectual Propety Law In Africa / | ||
| 250 | _a2nd ed. | ||
| 260 |
_aNairobi _bLawAfrica publisher _c2021 |
||
| 300 | _axxvi,464p. | ||
| 440 |
_aIntellectual Property Law In Africa / _91533 |
||
| 500 | _aincludes index | ||
| 600 |
_aKakungulu Mayambala _91534 |
||
| 650 | _2Musical Works | ||
| 700 |
_aKakungulu Mayambala _91534 |
||
| 942 |
_2lcc _cLOAN LOAN _e2nd ed. |
||
| 999 |
_c32955 _d32952 |
||